Enfermedades del pie / (Record no. 78398)
[ view plain ]
| 000 -LEADER | |
|---|---|
| campo de control de longitud fija | 00523nam a2200181 i 4500 |
| 001 - NÚMERO DE CONTROL | |
| campo de control | 78398 |
| 003 - IDENTIFICADOR DE NÚMERO DE CONTROL | |
| campo de control | ES-MaACL |
| 005 - FECHA Y HORA DE LA ÚLTIMA TRANSACCIÓN | |
| campo de control | 20230906173704.0 |
| 007 - CAMPO FIJO DE DESCRIPCIÓN FÍSICA--INFORMACIÓN GENERAL | |
| campo de control de longitud fija | t| |
| 008 - DATOS DE LONGITUD FIJA--INFORMACIÓN GENERAL | |
| campo de control de longitud fija | 041014s1953 sp ||||1| spa d |
| 100 1# - ENTRADA PRINCIPAL--NOMBRE DE PERSONA | |
| Nombre de persona | Hauser, Emil D. W. |
| 9 (RLIN) | 62110 |
| 245 10 - MENCIÓN DEL TÍTULO | |
| Título | Enfermedades del pie / |
| Mención de responsabilidad, etc. | por Emil D.W. Hauser. |
| 250 ## - MENCION DE EDICION | |
| Mención de edición | 1ª ed. española. |
| 260 ## - PUBLICACIÓN, DISTRIBUCIÓN, ETC. | |
| Lugar de publicación, distribución, etc. | Barcelona : |
| Nombre del editor, distribuidor, etc. | Salvat, |
| Fecha de publicación, distribución, etc. | 1953 ( |
| Fabricante | Hispano-Americana) |
| 300 ## - DESCRIPCIÓN FÍSICA | |
| Extensión | XVI, 440 p. : |
| Otras características físicas | il. ; |
| Dimensiones | 24 cm. |
| 650 #4 - PUNTO DE ACCESO ADICIONAL DE MATERIA--TÉRMINO DE MATERIA | |
| Término de materia o nombre geográfico como elemento de entrada | Pies- |
| Subdivisión general | Enfermedades. |
| 9 (RLIN) | 167439 |
| 852 ## - LOCALIZACIÓN | |
| Ubicación | ES-MaACL |
| Número de control de estantería | D-9010 |
| Estatus retirado | Estado de pérdida | Estado de daño | No para préstamo | Biblioteca de origen | Biblioteca actual | Ubicación en estantería | Fecha de adquisición | Fuente de adquisición | Total de préstamos | Signatura topográfica completa | Código de barras | Visto por última vez | Precio de reemplazo | Tipo de ítem Koha |
|---|---|---|---|---|---|---|---|---|---|---|---|---|---|---|
| Biblioteca del Ateneo de Madrid | Biblioteca del Ateneo de Madrid | Sala Valle Inclán | 17/01/2008 | D-9010 | 901082005 | 23/02/2023 | 23/02/2023 | Libro impreso |
